Statistics for US States With A Coast (With A Map)

Click here to take the quiz!

General Stats

  • This quiz has been taken 57 times
    (56 since last reset)
  • The average score is 29 of 30

Answers on the Map

Answers color-coded by a green-red scale on the quiz's map according to % correct below.
 

Answer Stats

State% Correct
Alaska
100%
California
100%
Florida
100%
Hawaii
100%
New Jersey
100%
New York
100%
Oregon
100%
Texas
100%
Virginia
100%
Washington
100%
Alabama
98%
Delaware
98%
Georgia
98%
Illinois
98%
Louisiana
98%
Maine
98%
Maryland
98%
Massachusetts
98%
Michigan
98%
Mississippi
98%
North Carolina
98%
Ohio
98%
Pennsylvania
98%
Rhode Island
98%
South Carolina
98%
Connecticut
96%
Minnesota
96%
New Hampshire
96%
Wisconsin
96%
Indiana
94%

Score Distribution

Percentile by Number Answered

Percent of People with Each Score

Your Score History

You have not taken this quiz since the last reset